000
00310nam a22001337a 4500
008
171024b xxu||||| |||| 00| 0 eng d
020
_a
9780073401829
041
_a
eng
080
_2
4TH
_a
311
100
_a
55
101
_a
STA
245
_a
ESSENTIALS OF BUSINESS STATISTICS
_c
BOWERMAN,B.L
942
_2
udc
_c
BK
999
_c
35722
_d
35722